00667nam a22001817a 450000500170000001000150001702000260003203500130005803700130007124501960008426000390028027000460031930000340036550000190039970000210041870000160043970000300045520130716113552.0 aENG-107995 a9788184248265c800.00 aEN-91528 bDBAD/PUB aProceedings of first national conference on trends and applications in laser technology and optoelectronics :cedited by Jai Paul Dudeja, Priti Singh [and] Ranjeet Kumar BrajpuriyabTALTO-1 / aNew DelhibAllied Publishersc2013 a1/13-14 Asaf Ali Road,bNew Delhie110002 axiii,246p. :c24cm(pbk)bill. aIncludes index aDudeja, Jai Paul aPriti Singh aBrajpuriya, Ranjeet Kumar